Man on fire; (Record no. 7346)

MARC details
000 -LEADER
fixed length control field 01055cam a22003131 4500
001 - CONTROL NUMBER
control field 6111973
003 - CONTROL NUMBER IDENTIFIER
control field GBCCL
005 - DATE AND TIME OF LATEST TRANSACTION
control field 20241126110625.0
008 - FIXED-LENGTH DATA ELEMENTS--GENERAL INFORMATION
fixed length control field 750708s1964 nyu 000 1 eng
010 ## -
-- 64013738
035 ## - SYSTEM CONTROL NUMBER
System control number (OCoLC)1434806
040 ## - CATALOGING SOURCE
Original cataloging agency DLC
Transcribing agency FO
Modifying agency OCoLC
-- DLC
050 00 -
-- PZ3.B6296
-- Man
-- PS3503.L984
082 ## - DEWEY DECIMAL CLASSIFICATION NUMBER
Classification number 813.54
Item number BLY
100 1# - MAIN ENTRY--PERSONAL NAME
Personal name Blythe, LeGette,
Dates associated with a name 1900-1993.
9 (RLIN) 12995
245 10 - TITLE STATEMENT
Title Man on fire;
Remainder of title a novel of the life of St. Paul.
260 ## - PUBLICATION, DISTRIBUTION, ETC.
Place of publication, distribution, etc. New York,
Name of publisher, distributor, etc. Funk & Wagnalls
Date of publication, distribution, etc. [1964]
300 ## - PHYSICAL DESCRIPTION
Extent viii, 376 p.
Dimensions 22 cm.
600 00 - SUBJECT ADDED ENTRY--PERSONAL NAME
Personal name Paul,
Titles and other words associated with a name the Apostle, Saint
General subdivision Fiction
9 (RLIN) 8134
630 00 - SUBJECT ADDED ENTRY--UNIFORM TITLE
Uniform title Bible.
Name of part/section of a work New Testament
General subdivision History of Biblical events
-- Fiction.
9 (RLIN) 253
650 #0 - SUBJECT ADDED ENTRY--TOPICAL TERM
Topical term or geographic name entry element Church history
Chronological subdivision Primitive and early church, ca. 30-600
General subdivision Fiction.
9 (RLIN) 8135
650 #0 - SUBJECT ADDED ENTRY--TOPICAL TERM
Topical term or geographic name entry element Christian saints
General subdivision Fiction.
9 (RLIN) 254
650 #0 - SUBJECT ADDED ENTRY--TOPICAL TERM
Topical term or geographic name entry element Apostles
General subdivision Fiction.
9 (RLIN) 255
655 #7 - INDEX TERM--GENRE/FORM
Genre/form data or focus term Biographical fiction.
Source of term gsafd
9 (RLIN) 257
655 #7 - INDEX TERM--GENRE/FORM
Genre/form data or focus term Christian fiction.
Source of term gsafd
9 (RLIN) 256
906 ## - LOCAL DATA ELEMENT F, LDF (RLIN)
a 7
b cbc
c oclcrpl
d u
e ncip
f 19
g y-gencatlg
942 ## - ADDED ENTRY ELEMENTS (KOHA)
Source of classification or shelving scheme Dewey Decimal Classification
Koha item type Books
Holdings
Withdrawn status Lost status Source of classification or shelving scheme Damaged status Not for loan Home library Current Library Shelving location Date acquired Total checkouts Full call number Barcode Date last seen Copy number Price effective from Koha item type
    Dewey Decimal Classification     GRACE BIBLE COLLEGE GRACE BIBLE COLLEGE General Studies 2018-07-30   813.54 BLY 003832 2025-05-01 c.1 2018-07-30 Books
© Grace Bible College Library 2025